Statistics for Tallest Pokémon

Click here to take the quiz!

General Stats

  • This quiz has been taken 666 times
    (175 since last reset)
  • The average score is 31 of 115

Answer Stats

Answer % Correct
Groudon
75%
Wailord
74%
Rayquaza
68%
Dialga
65%
Kyogre
63%
Palkia
61%
Onix
59%
Mewtwo
59%
Lugia
58%
Gyarados
56%
Ho-oh
55%
Reshiram
55%
Snorlax
55%
Steelix
55%
Giratina (Altered Forme)
54%
Dragonite
54%
Zekrom
54%
Giratina (Origin Forme)
54%
Arceus
53%
Tyranitar
50%
Exeggutor
46%
Regigigas
45%
Yveltal
45%
Xerneas
44%
Wailmer
41%
Milotic
41%
Venusaur
40%
Zygarde (50% Forme)
40%
Kyurem
39%
Lunala
39%
Moltres
38%
Arbok
36%
Dragonair
36%
Solgaleo
35%
Serperior
34%
Rhyperior
34%
Entei
33%
Necrozma
30%
Torterra
30%
Suicune
30%
Ekans
30%
Buzzwole
29%
Goodra
29%
Flygon
29%
Seviper
29%
Lapras
28%
Alolan Exeggutor
28%
Mamoswine
28%
Hoopa Unbound
26%
Aggron
26%
Latios
26%
Celesteela
26%
Slaking
25%
Feraligatr
25%
Tropius
24%
Tyrantrum
24%
Guzzlord
24%
Cobalion
24%
Virizion
21%
Abomasnow
21%
Primal Groudon
21%
Mega Gyarados
20%
Tangrowth
19%
Mega Rayquaza
19%
Primal Kyogre
19%
Kangaskhan
18%
Xurkitree
18%
Aurorus
18%
Golurk
18%
Mega Steelix
18%
Mega Venusaur
16%
Mega Metagross
15%
Zygarde (Complete Forme)
15%
Mega Tyranitar
15%
Hariyama
14%
Mantine
14%
Beartic
14%
Dusknoir
14%
Bewear
14%
Necrozma (Ultra Necrozma)
13%
Stakataka
13%
Kyurem (Black Kyurem)
13%
Mega Aggron
13%
Mega Abomasnow
13%
Mega Mewtwo X
11%
Scolipede
11%
Wishiwashi (School Forme)
11%
Gliscor
11%
Kyurem (White Kyurem)
11%
Naganadel
11%
Silvally
10%
Mudsdale
10%
Drampa
10%
Necrozma (Dusk Mane)
10%
Necrozma (Dawn Wings)
10%
Avalugg
9%
Eelektross
9%
Turtonator
9%
Mega Slowbro
8%
Pangoro
8%
Slowking
8%
Mega Scizor
6%
Mega Glalie
6%
Mega Camerupt
6%
Mega Kangaskhan
6%
Dhelmise
6%
Mega Aerodactyl
6%
Golisopod
6%
Mega Latios
5%
Jellicent
5%
Mega Pidgeot
5%
Hippowdon
5%
Mega Sharpedo
4%
Passimian
3%
Thundurus (Therian Forme)
3%

Score Distribution

Percentile by Number Answered

Percent of People with Each Score

Your Score History

You have not taken this quiz since the last reset